The noble scholar, jurist, historian


 His Excellency Dr. Abdul Wahhab bin Ibrahim Abu Sulaiman, may Allah have mercy on him.


 He was born in Umm Al-Qura in the year 1356 AH.

المدخل الإبداعي لحل المشكلات / (Record no. 3409)

MARC details
000 -LEADER
fixed length control field 01744cam a2200397 i 4500
003 - CONTROL NUMBER IDENTIFIER
control field SA-RiAUC
005 - DATE AND TIME OF LATEST TRANSACTION
control field 20241212082730.0
008 - FIXED-LENGTH DATA ELEMENTS--GENERAL INFORMATION
fixed length control field 241211s1999 su a f b i00000 ara c
020 ## - INTERNATIONAL STANDARD BOOK NUMBER
International Standard Book Number 9960853020
024 0# - OTHER STANDARD IDENTIFIER
Standard number or code 22000000000625
024 0# - OTHER STANDARD IDENTIFIER
Standard number or code 33000000003897
040 ## - CATALOGING SOURCE
Original cataloging agency SA-RiAUC
Language of cataloging ara
Transcribing agency SA-RiAUC
Description conventions rda
050 #4 - LIBRARY OF CONGRESS CALL NUMBER
Item number .H394 1999
050 #4 - LIBRARY OF CONGRESS CALL NUMBER
Item number H43. 1999
082 04 - DEWEY DECIMAL CLASSIFICATION NUMBER
Classification number 658.403
Assigning agency SA-RiAUC
090 ## - LOCALLY ASSIGNED LC-TYPE CALL NUMBER (OCLC); LOCAL CALL NUMBER (RLIN)
Classification number (OCLC) (R) ; Classification number, CALL (RLIN) (NR) 658.403
Local cutter number (OCLC) ; Book number/undivided call number, CALL (RLIN) هـ ي ج
100 1# - MAIN ENTRY--PERSONAL NAME
Personal name هيجان، عبد الرحمن أحمد محمد،
Dates associated with a name 1374 هجري-
Relator term مؤلف.
245 12 - TITLE STATEMENT
Title المدخل الإبداعي لحل المشكلات /
Statement of responsibility, etc. عبد الرحمن أحمد هيجان.
250 ## - EDITION STATEMENT
Edition statement الطبعة الأولى.
264 #1 - PRODUCTION, PUBLICATION, DISTRIBUTION, MANUFACTURE, AND COPYRIGHT NOTICE
Place of production, publication, distribution, manufacture الرياض :
Name of producer, publisher, distributor, manufacturer أكاديمية نايف العربية للعلوم الأمنية، مركز الدراسات والبحوث،
Date of production, publication, distribution, manufacture, or copyright notice 1999
300 ## - PHYSICAL DESCRIPTION
Extent 485 صفحة :
Other physical details إيضاحيات ؛
Dimensions 24 سم.
336 ## - CONTENT TYPE
Content type term نص
Content type code txt
Source rdacontent
Materials specified كتاب
337 ## - MEDIA TYPE
Media type term بدون وسيط
Media type code n
Source rdamedia
338 ## - CARRIER TYPE
Carrier type term مجلد
Carrier type code nc
Source rdacarrier
490 1# - SERIES STATEMENT
Series statement إصدارات أكاديمية نايف العربية للعلوم الأمنية.
-- مركز الدراسات البحوث ؛
Volume/sequential designation 237
504 ## - BIBLIOGRAPHY, ETC. NOTE
Bibliography, etc. note ببليوجرافية : صفحة 463-479.
650 #7 - SUBJECT ADDED ENTRY--TOPICAL TERM
Topical term or geographic name entry element حل المشكلات
Source of heading or term aucsh
650 #7 - SUBJECT ADDED ENTRY--TOPICAL TERM
Topical term or geographic name entry element الإبداع في الإدارة
Source of heading or term aucsh
650 #7 - SUBJECT ADDED ENTRY--TOPICAL TERM
Topical term or geographic name entry element اتخاذ القرارات
Source of heading or term aucsh
830 #0 - SERIES ADDED ENTRY--UNIFORM TITLE
Uniform title إصدارات مركز الدراسات والبحوث (أكاديمية نايف العربية للعلوم الأمنية)
Volume/sequential designation 237
942 ## - ADDED ENTRY ELEMENTS (KOHA)
Source of classification or shelving scheme Dewey Decimal Classification
Koha item type Books
Suppress in OPAC No
949 ## - LOCAL PROCESSING INFORMATION (OCLC)
a SA-JeALM
d 241211
u mohamedma123
n 1
Holdings
Withdrawn status Lost status Source of classification or shelving scheme Damaged status Not for loan Home library Current library Date acquired Total checkouts Full call number Barcode Date last seen Price effective from Koha item type
    Dewey Decimal Classification     DR AbdElwahab Library DR AbdElwahab Library 12/12/2024   658.403 هـ ي ج 000005366 12/12/2024 12/12/2024 Books